=LDR 00000nam 2200000 4500 =001 INLIS000000000044916 =005 20201218020127 =035 ##$$a 0010-101300000002838 =008 201218################g##########0#ind## =041 ##$$a Ind =082 ##$$a 328 =090 ##$$a 328, Per p =245 ##$$a Peran dan fungsi kamar kedua didalam proses legislatif : $b Kasus di budesrat Jerman /$c Editor, David Narrison Smith, Nur Rachmi =260 ##$$a Jakarta :$b Friedrich-Naumann-Stiftung Indonesia,$c {s.n} =300 ##$$a vi, 159 hlm. ; $c 20 x 14 cm. =650 #4$$a Kekuasaan Legislatif =850 ##$$a NBPNMAT =020 ##$$a 978-979-1157-04-09 =084 ##$$a 328 PER p =700 #$$a Smith, David Narrison =700 #$$a Rachmi, Nur =990 ##$$a 31200432